MARC details
| 000 -CABECERA |
| campo de control de longitud fija |
01129nam a2200277 a 4500 |
| 001 - NÚMERO DE CONTROL |
| campo de control |
000007274 |
| 005 - FECHA Y HORA DE LA ÚLTIMA TRANSACCIÓN |
| campo de control |
20260417112310.0 |
| 008 - DATOS DE LONGITUD FIJA--INFORMACIÓN GENERAL |
| campo de control de longitud fija |
090723s2007 dr ad 001 0 spa d |
| 020 ## - NÚMERO INTERNACIONAL ESTÁNDAR DEL LIBRO |
| Número Internacional Estándar del Libro |
9993499501 |
| 040 ## - FUENTE DE LA CATALOGACIÓN |
| Centro catalogador/agencia de origen |
DO-SdBNP |
| Lengua de catalogación |
spa |
| Centro/agencia transcriptor |
BNPHU |
| 082 ## - NÚMERO DE LA CLASIFICACIÓN DECIMAL DEWEY |
| Número de clasificación |
305.235 |
| Número de documento/Ítem |
C117p |
| 100 1# - ENTRADA PRINCIPAL--NOMBRE DE PERSONA |
| Nombre de persona |
Cabreja, Germán |
| 9 (RLIN) |
13225 |
| 245 10 - MENCIÓN DE TÍTULO |
| Título |
Programa de desarrollo para jovenes y adolescentes : |
| Resto del título |
autoestima y educación sexual / |
| Mención de responsabilidad, etc. |
Germán Cabreja ; colaboradores Rafael Cruz, Rosa Lina Valdez. |
| 246 14 - FORMA VARIANTE DE TÍTULO |
| Título propio/Titulo breve |
Programa de desarrollo personal, familiar y profesional : |
| Resto del título |
manual de calidad de vida. |
| 260 ## - PUBLICACIÓN, DISTRIBUCIÓN, ETC. |
| Lugar de publicación, distribución, etc. |
Santo Domingo : |
| Nombre del editor, distribuidor, etc. |
Cultural Hispanoamericana, |
| Fecha de publicación, distribución, etc. |
[2007]. |
| 300 ## - DESCRIPCIÓN FÍSICA |
| Extensión |
200 p. : |
| Otras características físicas |
il., gráfcs. ; |
| Dimensiones |
28 cm. |
| 500 ## - NOTA GENERAL |
| Nota general |
La biblioteca posee 3 ejemplares autografíados por la autora. |
| 590 ## - NOTA LOCAL (RLIN) |
| Nota local |
Inventariado, 2018/VM |
| 650 #0 - PUNTO DE ACCESO ADICIONAL DE MATERIA--TÉRMINO DE MATERIA |
| Término de materia o nombre geográfico como elemento de entrada |
Autoestima |
| 9 (RLIN) |
212 |
| 650 #4 - PUNTO DE ACCESO ADICIONAL DE MATERIA--TÉRMINO DE MATERIA |
| Término de materia o nombre geográfico como elemento de entrada |
Educación sexual para jóvenes |
| 9 (RLIN) |
908 |
| 650 #4 - PUNTO DE ACCESO ADICIONAL DE MATERIA--TÉRMINO DE MATERIA |
| Término de materia o nombre geográfico como elemento de entrada |
Educación para la vida familiar |
| 9 (RLIN) |
2729 |
| 650 #0 - PUNTO DE ACCESO ADICIONAL DE MATERIA--TÉRMINO DE MATERIA |
| Término de materia o nombre geográfico como elemento de entrada |
Psicología del adolescente |
| 9 (RLIN) |
9034 |
| 700 1# - PUNTO DE ACCESO ADICIONAL--NOMBRE DE PERSONA |
| Nombre de persona |
Cruz, Rafael, |
| Término indicativo de función/relación |
col. |
| 9 (RLIN) |
13226 |
| 700 1# - PUNTO DE ACCESO ADICIONAL--NOMBRE DE PERSONA |
| Nombre de persona |
Valdez, Rosa Lina, |
| Término indicativo de función/relación |
col. |
| 9 (RLIN) |
13227 |
| 910 ## - DATOS DE OPCIÓN DEL USUARIO (OCLC) |
| Datos de opción del usuario |
Validado. Control de calidad EMS |